Statistics for Lake Tahoe Counties

Click here to take the quiz!

General Stats

  • This quiz has been taken 7 times
  • The average score is 3 of 5

Answer Stats

State County % Correct
CaliforniaPlacer
100%
CaliforniaEl Dorado
75%
NevadaWashoe
75%
NevadaCarson City
50%
NevadaDouglas
25%

Score Distribution

Percentile by Number Answered

Percent of People with Each Score

Your Score History

You have not taken this quiz